|
|
|
|
| LEADER |
00000nam0a2200000 4500 |
| 001 |
374312 |
| 005 |
20231101051056.0 |
| 010 |
|
|
|a 5835502559
|
| 020 |
|
|
|a RU
|b 90-48812
|
| 035 |
|
|
|a (RuTPU)RU\TPU\retro\31746
|
| 035 |
|
|
|a RU\TPU\book\206909
|
| 090 |
|
|
|a 374312
|
| 100 |
|
|
|a 20221219d1990 k y0rusy5003 ca
|
| 101 |
0 |
|
|a rus
|
| 102 |
|
|
|a KG
|
| 105 |
|
|
|a y z 001zy
|
| 200 |
1 |
|
|a Квадратичный критерий абсолютной устойчивости в теории адаптивных систем
|f А. М. Цыкунов
|g Академия наук Киргизской ССР (АН КиргССР), Институт автоматики
|
| 210 |
|
|
|a Фрунзе
|c Илим
|d 1990
|
| 215 |
|
|
|a 156 с.
|c ил.
|
| 320 |
|
|
|a Библиогр.: с. 148-155.
|
| 610 |
1 |
|
|a адаптивные системы
|
| 610 |
1 |
|
|a теория
|
| 610 |
1 |
|
|a абсолютная устойчивость
|
| 610 |
1 |
|
|a квадратичный критерий
|
| 610 |
1 |
|
|a применение
|
| 610 |
1 |
|
|a эталонные модели
|
| 610 |
1 |
|
|a нестационарные объекты
|
| 610 |
1 |
|
|a синтез
|
| 675 |
|
|
|a 681.513.6
|v 3
|
| 700 |
|
1 |
|a Цыкунов
|b А. М.
|g Александр Михайлович
|4 070
|
| 712 |
0 |
2 |
|a Академия наук Киргизской ССР (АН КиргССР)
|b Институт автоматики
|2 stltpush
|3 (RuTPU)RU\TPU\col\10689
|
| 801 |
|
0 |
|a RU
|b RuMRKP
|c 19950417
|g psbo
|
| 801 |
|
1 |
|a RU
|b 63413507
|c 20110115
|
| 801 |
|
2 |
|a RU
|b 63413507
|c 20221219
|g RCR
|
| 942 |
|
|
|c BK
|